| 000 | 00595nam a2200193 a 4500 | ||
|---|---|---|---|
| 003 | OSt | ||
| 005 | 20240226145306.0 | ||
| 008 | 180227t2000 pk | |||| 00| 0 urd d | ||
| 040 | _c0 | ||
| 082 |
_a297.63 _bSAF 2000 |
||
| 100 | 1 |
_aصفدرحسين _9121236 |
|
| 245 | 1 | 0 |
_aقصصُ الانبيآ _cSafdar Hussain |
| 246 | _aQasas Ul Ambiya | ||
| 260 |
_aLahore: _bAlhamd Pub; _c2000. |
||
| 300 | _a548 p. | ||
| 650 |
_aMuhammad _yPeghamber-e-Islam _9121336 |
||
| 942 |
_2ddc _cBK _aSADA _k297.63 SAF 2000 |
||
| 999 |
_c608221 _d608221 |
||